Liedtext - Kopf verloren - Peter Fox - Statistiken

Allgemein
  • Dieses Quiz wurde 41 mal gespielt
  • Das Durchschnittsergebnis liegt bei 239 aus 325
Antwortstatistiken
Antwort % Korrekt
du
100%
Kopf
100%
Kopf,
100%
'n
100%
mein
95%
Mein
95%
und
95%
Und
95%
an,
91%
an
91%
den
91%
er
91%
hab'
91%
Ich
91%
ich
91%
ist
91%
Meine
91%
meinen
91%
mein'n
91%
mir
91%
nicht
91%
verlor'n
91%
am
86%
auf
86%
auf,
86%
bin
86%
Bin
86%
da
86%
dem
86%
die
86%
Die
86%
einen
86%
Es
86%
es
86%
für
86%
mit
86%
zu
86%
das
82%
Das
82%
denn
82%
Der
82%
dir
82%
hin),
82%
kann
82%
Kann
82%
(Oh,
82%
oh,
82%
Oh,
82%
ohh)
82%
Oh-oh-oh,
82%
so
82%
Tür
82%
(Uhh)
82%
weil
82%
aus
77%
im
77%
mich
77%
mich,
77%
'ne
77%
nichts,
77%
nichts
77%
Nur
77%
nur
77%
seh'n,
77%
Tag
77%
vor
77%
wär
77%
Wie
77%
ab
73%
doch
73%
halt
73%
hat
73%
machst
73%
nach
73%
seine
73%
steh'
73%
um
73%
viel
73%
wenn
73%
Alle
68%
allen
68%
deiner
68%
denk'
68%
(Denk',
68%
denk',
68%
denk'),
68%
dumm
68%
gut,
68%
kein
68%
klopft
68%
lauf'
68%
verlier'
68%
was
68%
alles
64%
Birne
64%
brenn'n
64%
Bringt
64%
Durch
64%
fest,
64%
Gedanken
64%
immer
64%
ins
64%
mei'm
64%
ohne
64%
Ohr'n
64%
sonst
64%
taub,
64%
Weg
64%
werd'
64%
zurück
64%
blau
59%
blind
59%
Blindenhund
59%
brauch'
59%
bricht
59%
Ding
59%
Fenster
59%
find'
59%
gibt
59%
gieß'
59%
hinterher,
59%
Hirn
59%
hör'n
59%
konnt
59%
Lampe
59%
lieg'
59%
muss
59%
renn'
59%
renn'n
59%
rollt,
59%
ruf'
59%
rund
59%
stumm,
59%
Vielleicht
59%
weck'
59%
ah,
55%
durchs
55%
Ecken
55%
(Fall'
55%
fiel
55%
frag'
55%
heiß
55%
Königreich
55%
kullert
55%
laufen
55%
riecht
55%
schraub'
55%
Treppenhaus
55%
Wette
55%
wohl
55%
zerstör'n?
55%
Zimmer,
55%
abgehängt
50%
durchgespielt
50%
Eis
50%
geb'
50%
grade
50%
halt's
50%
hirnverbranntem
50%
ihn
50%
kaum
50%
Murmel
50%
nix
50%
pack'
50%
penn'n
50%
Schädel,
50%
verdammte
50%
verrückt,
50%
Während
50%
Albtraum
45%
ausgedacht
45%
Drähte
45%
Dunkeln
45%
fällt
45%
Grauen
45%
Höllenschädel
45%
Hunderttausend
45%
Klauen
45%
Kreis
45%
Kugel
45%
Pause
45%
raucht
45%
Staub
45%
stecke
45%
Stoß'
45%
streckt
45%
Ventil
45%
vorn
45%
Zwanzigtausend
45%
Druck
41%
knackt
41%
retten,
41%
strauchel'
41%
Szenen
41%
Fleisch
36%
Keine übereinstimmenden Quizze gefunden
Verteilung der Resultate
Anzahl Personen mit jedem Resultat
Perzentil nach korrekt beantworteten Fragen
Ihre Resultats-Entwicklung
Sie haben dieses Quiz noch nicht gespielt